Normal view
MARC view
- الزغول،عماد عبد الحليم ، الهنداوي،علي فالح ،ابو هلال،ماهر ، المغيربي،فدوى/مراجعة
Entry Personal Name
001 - CONTROL NUMBER
- control field: 21780
003 - CONTROL NUMBER IDENTIFIER
- control field: JO-AjAnu
005 - DATE AND TIME OF LATEST TRANSACTION
- control field: 20230606073753.0
008 - FIXED-LENGTH DATA ELEMENTS
- fixed length control field: 230606|| aca||aabn | a|a d
040 ## - CATALOGING SOURCE
- Original cataloging agency: JO-AjAnu
- Transcribing agency: JO-AjAnu
100 ## - HEADING--PERSONAL NAME
- Personal name: الزغول،عماد عبد الحليم ، الهنداوي،علي فالح ،ابو هلال،ماهر ، المغيربي،فدوى/مراجعة
670 ## - SOURCE DATA FOUND
- Source citation: Work cat.: (JO-AjAnu)11192: الزغول،عماد عبد الحليم ، الهنداوي،علي فالح ،ابو هلال،ماهر ، المغيربي،فدوى/مراجعة, author, مدخل الى علم النفس